00482 2200205 4500001002100000005001500021008004100036020002200077035001900099041000700118082001000125090001600135100001300151245000900164250000900173260003200182300002000214500001000234650003200244INLIS00000000000550220241224113119241224||||||||| | ||| |||| || |  a978-602-8663-82-3 0010-1224005502 aid0 a741.5 a741.5 MON d0 aMonique.00aDesa aED.1 aTangerang.bBuah Hatic2012 a23 HLM,;27,4 CM aCET 1 0aKESENIAN,HIBURAN & OLAHRAGA